| 000 | 00402nam a22001817a 4500 | ||
|---|---|---|---|
| 003 | MPLRDC | ||
| 005 | 20220104143650.0 | ||
| 008 | 210129b ||||| |||| 00| 0 eng d | ||
| 020 | _a962-577-493-9 | ||
| 082 | _a848.3 CL-2 v.2* | ||
| 100 | _a蔡澜著 | ||
| 245 |
_a八乐也 _c |
||
| 250 | _a初版 | ||
| 260 |
_a _b壹出版 _c2000 |
||
| 300 | _b平 | ||
| 650 | _a | ||
| 942 |
_cBK _o848.3 CL-2 v.2* |
||
| 999 |
_c42143 _d42133 |
||